000 00675nam a2200253Ia 4500
003 OSt
005 20220918205128.0
006 a|||||r|||| 00| 0
007 ta
008 220917b |||||||| |||| 00| 0 eng d
024 _a115,469
037 _cTextual
040 _aARTS
_cARTS
_beng
041 _2eng
_aeng
082 _aV6:71.D, M5
100 _aPhillipson David W
_9114240
245 0 _aAfrican archaeology
260 _aCambridge
_bCambridge Univeristy Press
_c1985
300 _a234p. illus
_ccm.
500 _aBibliography p212-227
650 _aHISTORY
942 _hV6:71.D, M5
_cTEXL
_2CC
999 _c238798
_d238798